000 00525nam a2200193 a 4500
001 13703
003 CO-ViMGA
008 141112s2004 ck r 000 u spa d
020 _a9589037607
040 _aCO-ViMGA
_bspa
_cCO-ViMGA
082 0 4 _aCABca
100 1 _aCaballero, Beatriz
_913261
245 1 0 _aCodazzi :
_bel siete leguas
260 _aSantafé de Bogotá :
_bColciencias,
_c1998
300 _a76
490 _aJuvenil de Colciencias
650 1 4 _aCODAZZI, AGUSTIN - LITERATURA JUVENIL
_920003
942 _2ddc
_cBK
999 _c24424
_d24424